Social work practice and men who have sex with men / (Record no. 122983)

MARC details
000 -LEADER
fixed length control field 00708nam a22002297a 4500
005 - DATE AND TIME OF LATEST TRANSACTION
control field 20170124105918.0
010 ## - LIBRARY OF CONGRESS CONTROL NUMBER
LC control number B-167048
020 ## - INTERNATIONAL STANDARD BOOK NUMBER
Terms of availability 650.00
International Standard Book Number 0761933514
035 ## - SYSTEM CONTROL NUMBER
System control number B-167048
037 ## - SOURCE OF ACQUISITION
Source of stock number/acquisition Cen Lib/Ret
040 ## - CATALOGING SOURCE
Original cataloging agency DPL
Language of cataloging HN
082 ## - DEWEY DECIMAL CLASSIFICATION NUMBER
Classification number 306.76620954
Item number JOS
100 ## - MAIN ENTRY--PERSONAL NAME
Personal name Joseph,Sherry
9 (RLIN) 3492
245 ## - TITLE STATEMENT
Title Social work practice and men who have sex with men /
Statement of responsibility, etc by Sherry Joseph
260 ## - PUBLICATION, DISTRIBUTION, ETC. (IMPRINT)
Place of publication, distribution, etc New Delhi
Name of publisher, distributor, etc Sage publication
Date of publication, distribution, etc 2005
270 ## - ADDRESS
Address B-42,Panchsheel Enclave
City New Delhi
Postal code 110017
300 ## - PHYSICAL DESCRIPTION
Extent 312p.
Dimensions 21cm (Hb)
500 ## - GENERAL NOTE
General note Includes appendix and index
650 ## - SUBJECT ADDED ENTRY--TOPICAL TERM
Topical term or geographic name as entry element Gay men-India
9 (RLIN) 3493
650 ## - SUBJECT ADDED ENTRY--TOPICAL TERM
Topical term or geographic name as entry element Homosexuality-India
9 (RLIN) 3494
942 ## - ADDED ENTRY ELEMENTS (KOHA)
Source of classification or shelving scheme Dewey Decimal Classification
Koha item type English Books
Classification part 306.76620954
Call number suffix JOS
Holdings
Withdrawn status Lost status Damaged status Not for loan Home library Current library Date acquired Source of acquisition Cost, normal purchase price Total Checkouts Full call number Barcode Date last seen Copy number Cost, replacement price Price effective from Koha item type
        Central Library Central Library 01/06/2015 Cen Lib/Ret 650.00   306.76620954 JOS B-167048 01/06/2015 1 650.00 01/06/2015 English Books

© Delhi Public Library
Hit Counter
free hit counter